000
00280nam a2200109Ia 4500
008
220204s9999 xx 000 0 und d
082
_a
658.8(038)
_b
STR
100
_a
Strand, Stanley
245
0
_a
Marketing dictionary
490
_a
New York Philosophical library 1962
942
_c
BK
999
_c
23037
_d
23037